Statystyki dla Państwa, których flagi zawierają więcej niż 3 kolory

Kliknij tutaj aby rozwiązać quiz!

Ogólne statystyki

  • Ten quiz został rozwiązany 35 razy
  • Średni wynik to 46 z 83

Statystyki odpowiedzi

Państwo% Poprawnych
Meksyk
85%
Brazylia
78%
Republika Południowej Afryki
78%
Seszele
78%
Watykan
78%
Egipt
74%
Erytrea
70%
Haiti
70%
Hiszpania
70%
Ekwador
67%
Indie
67%
Irak
67%
Tadżykistan
67%
Wyspy Świętego Tomasza i Książęca
67%
Argentyna
63%
Azerbejdżan
63%
Dominika
63%
Eswatini
63%
Kenia
63%
Mołdawia
63%
Portugalia
63%
Republika Zielonego Przylądka
63%
Syria
63%
Zambia
63%
Andora
59%
Gwatemala
59%
Libia
59%
San Marino
59%
Urugwaj
59%
Uzbekistan
59%
Wenezuela
59%
Zimbabwe
59%
Belize
56%
Bhutan
56%
Brunei
56%
Etiopia
56%
Gujana
56%
Lesotho
56%
Mauritius
56%
Salwador
56%
Serbia
56%
Turkmenistan
56%
Antigua i Barbuda
52%
Ghana
52%
Gwinea Równikowa
52%
Korea południowa
52%
Malezja
52%
Saint Kitts i Nevis
52%
Saint Lucia
52%
Sri Lanka
52%
Sudan
52%
Sudan południowy
52%
Tuvalu
52%
Uganda
52%
Vanuatu
52%
Chorwacja
48%
Dominikana
48%
Gambia
48%
Gwinea Bissau
48%
Komory
48%
Mozambik
48%
Nikaragua
48%
Papua-nowa gwinea
48%
Tanzania
48%
Wyspy Salomona
48%
Zjednoczone Emiraty Arabskie
48%
Filipiny
44%
Kuwejt
44%
Liechtenstein
44%
Paragwaj
44%
Republika Środkowoafrykańska
44%
Słowenia
44%
Surinam
44%
Czarnogóra
41%
Dżibuti
41%
Fidżi
41%
Kambodża
41%
Mjanma
37%
Namibia
37%
Timor Wschodni
37%
Jordania
33%
Kiribati
33%
Togo
30%

Rozkład punktacji

Percentyl według liczby udzielonych odpowiedzi

Procent ludzi z każdym wynikiem

Twoja historia wyników

Nie rozwiązałeś tego quizu